Újjáéled a Csermely Kórus

Bibliographic Details
Main Authors: Balassa, Zoltán, 1949- (ain), Havasi, József, 1947- (Author, uin)
Format: Article
Language:Hungarian
PhysicalDescription:Fotogr.
Subjects:

MARC

LEADER 00000nab a2200000 a 4500
001 vtls000680836
003 SK-MaSNL
005 20260319074303.0
008 160405c1998 xo 0 hun
015 |a SNBRA1998/12-31438 
035 |a CLN000033004 
040 |a SNKBUCL  |b slo  |c SNKBUCL  |e AACR2 
041 0 |a hun 
044 |a xo  |c SK 
080 |a 78.087.684  |2 1997 
100 1 |a Balassa, Zoltán,  |d 1949-  |4 ain  |9 502859 
245 1 0 |a Újjáéled a Csermely Kórus  |c Balassa Zoltán, Havasi József 
300 |b Fotogr. 
610 7 |a Čermeľ (spevácky zbor : Košice, Slovensko)  |2 snkbucl  |9 867683 
651 7 |a Košice (Slovensko)  |2 snkbucl  |9 18694 
655 7 |a články z novín a časopisov  |2 snkbucl  |9 267496 
700 1 |a Havasi, József,  |d 1947-  |4 aut  |4 uin  |9 15470 
773 0 |t Szabad újság  |g Roč. 6, č. 49 (1998), s. 9 
850 |a Slovenská národná knižnica v Martine 
852 |a SNK  |b KIS3GCP 
958 |a HU 
958 |a SK 
958 |a RBX 
999 |c 1437372  |d 1439302